[Event "HUN-ch"]
[Site "?"]
[Date "1974.??.??"]
[Round "?"]
[White "Ribli, Zoltan"]
[Black "Perenyi, Bela"]
[Result "1-0"]
[WhiteElo "2525"]
[BlackElo "2255"]

1.Nf3 Nf6 2.g3 g6 3.b3 Bg7 4.Bb2 O-O 5.Bg2 c5 6.c4 d6 7.O-O e5 8.Nc3 Nc6
9.d3 Ne8 10.Ne1 Nc7 11.a3 Be6 12.b4 Rb8 13.Qa4 a6 14.Bxc6 bxc6 15.Qxc6 cxb4
16.axb4 Bh3 17.Ng2 e4 18.Rfc1 exd3 19.exd3 Rxb4 20.Ba3 Bxg2 21.Kxg2 Rb3 22.Bxd6 Bxc3
23.Bxc7 Qxd3 24.Rxa6 Rb2 25.Rf1 Bd4 26.Qd5 Qe3 27.Qf3 Rc8 28.Qxe3 Bxe3 29.Be5 Rc2
30.Ra4 Bb6 31.Rb4 Bc5 32.Rb7 Rxc4 33.f4 Bd4 34.Rd7 Rc2+ 35.Kh3 Rf2 36.Rc1  1-0

[Event "HUN-ch"]
[Site "?"]
[Date "1974.??.??"]
[Round "?"]
[White "Vadasz, Laszlo"]
[Black "Ribli, Zoltan"]
[Result "1/2-1/2"]
[WhiteElo "2460"]
[BlackElo "2525"]

1.Nf3 Nf6 2.c4 g6 3.g3 Bg7 4.Bg2 d5 5.O-O c5 6.cxd5 Nxd5 7.d4 cxd4 8.Nxd4 O-O
9.Nc3 Nxc3 10.bxc3 Nc6 11.Nxc6 bxc6 12.Qxd8 Rxd8 13.Bxc6 Bxc3 14.Rb1 Bh3  1/2-1/2

[Event "Nice olm prel"]
[Site "Nice"]
[Date "1974.??.??"]
[Round "1"]
[White "Ribli, Zoltan"]
[Black "Gouder, A."]
[Result "1-0"]
[WhiteElo "2525"]
[BlackElo "2200"]

1.e4 c5 2.Nf3 d6 3.d4 cxd4 4.Nxd4 Nf6 5.Nc3 g6 6.Be3 Bg7 7.f3 Bd7 8.Qd2 Nc6
9.O-O-O O-O 10.g4 Qa5 11.Nb3 Qd8 12.Bh6 a5 13.Bxg7 Kxg7 14.a3 Ne5 15.g5 Nh5
16.f4 a4 17.Nd4 Nc6 18.Be2 Qb6 19.Bxh5 Qxd4 20.Qxd4+ Nxd4 21.Rxd4 gxh5 22.Nd5 Ra5
23.Nxe7 Re8 24.Nd5 Rxe4 25.Rxe4 Rxd5 26.Rd1 Rxd1+ 27.Kxd1 Bc6 28.Rd4 d5 29.f5 Kf8
30.Ke2 Ke7 31.Ke3 Kd6 32.Rh4 Ke5 33.Rxh5 d4+ 34.Kd2  1-0

[Event "Nice olm prel"]
[Site "Nice"]
[Date "1974.??.??"]
[Round "2"]
[White "Ribli, Zoltan"]
[Black "Belkadi, Ridha"]
[Result "1/2-1/2"]
[WhiteElo "2525"]
[BlackElo "2340"]

1.e4 e5 2.Nf3 Nc6 3.Bb5 a6 4.Bxc6 dxc6 5.O-O f6 6.d4 Bg4 7.dxe5 Qxd1 8.Rxd1 fxe5
9.Rd3 Bd6 10.Nbd2 Nf6 11.Nc4 O-O 12.Be3 Nxe4 13.Nfxe5 Bf5 14.Rdd1 Rae8 15.Nd3 Nf6
16.Nc5 Bxc5 17.Bxc5 Rf7 18.Ne3 Be6 19.Bd4 Ng4 20.Nf1 Rd8 21.Bc3 Rxd1 22.Rxd1 Rxf2
23.Re1 Bd5 24.Ne3 Rf4 25.g3 Re4 26.Nxg4 Rxg4 27.Re7 Bxa2 28.Rxc7 Bb1 29.Rxb7 Bxc2
30.Rb6 Bd3 31.Rxc6 h5 32.Kf2 h4 33.Rd6 hxg3+ 34.hxg3 Bb5 35.Kf3 Rc4 36.g4 Rc6
37.Rd8+ Kh7 38.Rb8 Rc7 39.Kf4 Kg6 40.Rb6+ Kf7 41.g5 Rc6 42.Rb7+ Kg6 43.Rxg7+ Kh5
44.Bf6 Rc1 45.Kf3 Rf1+ 46.Ke3 Rd1 47.Re7 Re1+ 48.Kd4 Rxe7 49.Bxe7  1/2-1/2

[Event "Nice olm fin-A"]
[Site "Nice"]
[Date "1974.??.??"]
[Round "3"]
[White "Liljedahl, Lennart"]
[Black "Ribli, Zoltan"]
[Result "1/2-1/2"]
[WhiteElo "2330"]
[BlackElo "2525"]

1.e4 c5 2.Nc3 Nc6 3.g3 g6 4.Bg2 Bg7 5.f4 d6 6.Nf3 e6 7.d3 Nge7 8.O-O O-O
9.Ne2 f5 10.c3 b6 11.Rb1 a5 12.a3 a4 13.c4 Qd7 14.Nc3 Nd4 15.Be3 Bb7 16.Bf2 Bc6
17.Re1 Rfe8 18.Nxd4 cxd4 19.Na2 fxe4 20.dxe4 e5 21.Nb4 Bb7 22.Bf3 Rf8 23.Bg4 Qe8
24.Rc1 exf4  1/2-1/2

[Event "Nice olm prel"]
[Site "Nice"]
[Date "1974.??.??"]
[Round "3"]
[White "Choo, MW."]
[Black "Ribli, Zoltan"]
[Result "0-1"]
[WhiteElo "2200"]
[BlackElo "2525"]

1.Nf3 g6 2.g3 Bg7 3.Bg2 c5 4.O-O Nc6 5.d3 e5 6.e4 Nge7 7.Nc3 O-O 8.Bg5 f6
9.Be3 d6 10.Qd2 Kh8 11.Ne1 Be6 12.Rb1 Qd7 13.f4 b6  0-1

[Event "Nice olm prel"]
[Site "Nice"]
[Date "1974.??.??"]
[Round "5"]
[White "Arita, K."]
[Black "Ribli, Zoltan"]
[Result "0-1"]
[WhiteElo "2200"]
[BlackElo "2525"]

1.e4 c5 2.Nf3 Nc6 3.Bb5 e6 4.d4 cxd4 5.Nxd4 Nf6 6.Nc3 Qc7 7.O-O Be7 8.Be3 O-O
9.Bxc6 bxc6 10.f4 d5 11.e5 Nd7 12.Nce2 c5 13.Nb3 a5 14.Ng3 d4 15.Bc1 Bb7
16.c4 Nb6 17.Nd2 a4 18.Rb1 f6 19.Qg4 fxe5 20.Qxe6+ Kh8 21.Nf5 Bf6 22.Qd6 Qc6
23.Qxc6 Bxc6 24.fxe5 Bxe5 25.b3 a3 26.b4 Na4 27.b5 Bd7 28.Ng3 Nc3 29.Bxa3 Nxb1
30.Nxb1 Rxf1+ 31.Kxf1 Bf5  0-1

[Event "Nice olm fin-A"]
[Site "Nice"]
[Date "1974.??.??"]
[Round "5"]
[White "Ribli, Zoltan"]
[Black "Browne, Walter S"]
[Result "1/2-1/2"]
[WhiteElo "2525"]
[BlackElo "2575"]

1.Nf3 Nf6 2.c4 g6 3.g3 Bg7 4.Bg2 O-O 5.O-O d6 6.Nc3 e5 7.d4 Nbd7 8.e4 exd4
9.Nxd4 Re8 10.h3 Nc5 11.Re1 a5 12.Rb1 c6 13.Bf4 a4 14.b4 axb3 15.axb3 h6
16.Qc2 Ng4 17.Red1 Ne5 18.Be3 Qe7 19.f4 Ned7 20.Bf2 Nf6 21.Re1 Nh5 22.b4 Ne6
23.Nb3 Nexf4 24.gxf4 Nxf4 25.Re3 Be5 26.Ne2  1/2-1/2

[Event "Nice olm fin-A"]
[Site "Nice"]
[Date "1974.??.??"]
[Round "6"]
[White "Sully, David John"]
[Black "Ribli, Zoltan"]
[Result "0-1"]
[WhiteElo "2200"]
[BlackElo "2525"]

1.Nf3 g6 2.d4 Bg7 3.e4 d6 4.Nbd2 Nf6 5.c3 O-O 6.Bd3 Nc6 7.O-O Nd7 8.Re1 e5
9.dxe5 Ncxe5 10.Nxe5 Nxe5 11.Bf1 b6 12.Nc4 Bb7 13.Bf4 Re8 14.f3 Qe7 15.Qb3 Rad8
16.Rad1 h5 17.Nxe5 Bxe5 18.Bxe5 Qxe5 19.Rd4 h4 20.Red1 Kg7 21.Bc4 Qf6 22.R4d3 Re5
23.Qc2 Qe7 24.Qf2 c6 25.Qd2 d5 26.Bb3 Re8 27.exd5 cxd5 28.Qf2 Re2 29.Qd4+ Kg8
30.R3d2 Rd8 31.Rf1 Qe3+  0-1

[Event "Nice olm prel"]
[Site "Nice"]
[Date "1974.??.??"]
[Round "7"]
[White "Godoy Bugueno, David A"]
[Black "Ribli, Zoltan"]
[Result "0-1"]
[WhiteElo "2360"]
[BlackElo "2525"]

1.e4 c5 2.Nf3 e6 3.d4 cxd4 4.Nxd4 Nf6 5.Bd3 Nc6 6.Nxc6 bxc6 7.O-O d5 8.Nd2 Be7
9.b3 O-O 10.Bb2 a5 11.a4 Bb7 12.Qe2 Nd7 13.exd5 cxd5 14.Rad1 Nc5 15.Bb5 Bd6
16.f4 Qc7 17.Qg4 f5 18.Qg3 Ne4 19.Nxe4 fxe4 20.Qg4 Rf5 21.c4 Raf8 22.cxd5 Bxd5
23.Bc6 Bc5+ 24.Kh1 Bxc6  0-1

[Event "Nice olm fin-A"]
[Site "Nice"]
[Date "1974.??.??"]
[Round "7"]
[White "Ribli, Zoltan"]
[Black "Ghizdavu, Dumitru"]
[Result "1/2-1/2"]
[WhiteElo "2525"]
[BlackElo "2420"]

1.Nf3 g6 2.d4 Nf6 3.c4 Bg7 4.Nc3 d5 5.Bf4 O-O 6.e3 c5 7.dxc5 Ne4 8.Be5 Bxe5
9.Nxe5 Nxc3 10.bxc3 Qc7 11.Qd4 f6 12.Nf3 Nc6 13.Qxd5+ Kh8 14.Qd2 e5 15.Be2 Be6
16.O-O Na5 17.Qd6  1/2-1/2

[Event "Nice olm fin-A"]
[Site "Nice"]
[Date "1974.??.??"]
[Round "8"]
[White "Filip, Miroslav"]
[Black "Ribli, Zoltan"]
[Result "1/2-1/2"]
[WhiteElo "2495"]
[BlackElo "2525"]

1.c4 g6 2.Nc3 c5 3.g3 Bg7 4.Bg2 Nc6 5.Rb1 e5 6.a3 a5 7.Nf3 Nge7 8.O-O O-O
9.Ne1 d6 10.Nc2 Be6 11.Ne3 Rb8 12.Ned5 f5 13.d3 Kh8 14.f4 Qd7 15.Bd2 Bg8  1/2-1/2

[Event "Nice olm prel"]
[Site "Nice"]
[Date "1974.??.??"]
[Round "8"]
[White "Ribli, Zoltan"]
[Black "De Bruycker, Bernard"]
[Result "1/2-1/2"]
[WhiteElo "2525"]
[BlackElo "2200"]

1.d4 Nf6 2.Nf3 g6 3.g3 Bg7 4.Bg2 O-O 5.O-O d6 6.c4 c5 7.Nc3 Nc6 8.dxc5 dxc5
9.Be3 Be6 10.Nd2 Nd4 11.Nb3 Qc8 12.Nxd4 cxd4 13.Qxd4 Ng4 14.Nd5 Bxd5 15.Qxd5 Nxe3
16.fxe3  1/2-1/2

[Event "Nice olm fin-A"]
[Site "Nice"]
[Date "1974.??.??"]
[Round "13"]
[White "Kirov, Nino"]
[Black "Ribli, Zoltan"]
[Result "1/2-1/2"]
[WhiteElo "2465"]
[BlackElo "2525"]

1.Nf3 g6 2.d4 Nf6 3.c4 Bg7 4.g3 O-O 5.Bg2 c5 6.O-O Nc6 7.Nc3 d6 8.dxc5 dxc5
9.Bf4 Nh5 10.Be3 b6 11.Qc1 Bb7 12.Bh6 Qc8 13.Bxg7 Nxg7 14.Rd1 Rd8 15.Rxd8+ Qxd8
16.Qf4 Ne6 17.Qh6 Qf8 18.Qxf8+ Kxf8 19.Rd1 Rd8 20.Rxd8+ Nexd8 21.b3 e6 22.e3 Ke7
23.Kf1 f6 24.Ke2 Nf7 25.Ne1 Nd6 26.Kd2 Kd7 27.Ne4 Nxe4+ 28.Bxe4 Kd6 29.Nd3 a6
30.Nb2 Bc8 31.h4 Bd7 32.h5 Be8 33.hxg6 hxg6 34.Nd3 Nb4 35.a3 Nxd3 36.Kxd3 g5
37.f4 a5 38.a4 Bh5 39.Kd2 Ke7 40.Bd3 Bf3 41.Be2 Be4 42.Bd3 Bh1 43.Be2 Kf7
44.Bh5+ Kg7 45.Bg4 f5 46.Bd1 Kh6 47.Ke1 Bc6 48.Kf2 Be8 49.Kg2 Kg6 50.Be2 Kf6
51.Bd1 e5 52.Kf2 exf4 53.exf4  1/2-1/2

[Event "HUN-ch"]
[Site "?"]
[Date "1975.??.??"]
[Round "?"]
[White "Tompa, Janos"]
[Black "Ribli, Zoltan"]
[Result "0-1"]
[WhiteElo "2415"]
[BlackElo "2520"]

1.e4 c5 2.c3 e6 3.Nf3 d5 4.exd5 Qxd5 5.d4 Nf6 6.Bd3 Be7 7.O-O O-O 8.Qe2 Nc6
9.dxc5 Qxc5 10.Bg5 h6 11.Bh4 Bd7 12.Nbd2 Rad8 13.Rad1 Rfe8 14.Bxf6 Bxf6 15.Ne4 Qe7
16.Nd6 Nd4 17.Nxd4 Qxd6 18.Nb5 Qb6 19.Nd6 Re7 20.Ne4 Be5 21.Nd2 Qc7 22.Nf3 Bf6
23.Qe4 g6 24.Qe3 Ba4 25.b3 Bc6 26.Be2 h5 27.Rxd8+ Qxd8 28.Qxa7 Bxc3 29.Qc5 Bf6
30.Rd1 Rd7 31.Rxd7 Qxd7 32.h3 Kg7 33.a4 g5 34.Qe3 Qd5 35.Ne1 Bd4 36.Qd3 Qc5
37.b4 Qxb4 38.Nc2 Qb1+ 39.Bf1 Bf6 40.a5 Qb2 41.Ne3 Bd4 42.a6 bxa6 43.Qxa6 Be4
44.Qa5 Kg6 45.Qa4 Qd2 46.Qc4 Kf6 47.Qb3 Bf5 48.Qa3 Bc2 49.Bb5 Qe1+ 50.Bf1 Kg6
51.g3 Bf5 52.g4 hxg4 53.hxg4 Bc2 54.Kg2 Be4+ 55.Kg1 Kf6 56.Qb3 Bxe3 57.Qxe3 Qxe3
58.fxe3 Bf3 59.Bh3 Ke5 60.Kf2 Ke4  0-1

[Event "HUN-ch"]
[Site "?"]
[Date "1975.??.??"]
[Round "?"]
[White "Lengyel, Levente"]
[Black "Ribli, Zoltan"]
[Result "1/2-1/2"]
[WhiteElo "2410"]
[BlackElo "2520"]

1.d4 Nf6 2.Nf3 g6 3.c4 Bg7 4.Nc3 d5 5.cxd5 Nxd5 6.Bd2 O-O 7.Rc1 Nb6 8.Bg5 h6
9.Bh4 g5 10.Bg3 c5 11.e3 g4 12.Ne5 cxd4 13.exd4 Nc6 14.Nxc6 bxc6 15.Be5 Bxe5
16.dxe5 Qxd1+ 17.Nxd1 Be6 18.Ne3 Nd7 19.Bc4 Nxe5 20.Bxe6 fxe6 21.Ke2 Rad8
22.Rhd1 Rxd1 23.Nxd1 Rd8 24.Rc3 Kg7 25.Ne3 Rd4 26.Ra3 Rd7 27.Nxg4 Nxg4 28.Rg3 h5
29.h3 Rd4 30.hxg4 h4 31.Ra3 Rxg4 32.Kf3 Rc4 33.Rxa7 Kf6 34.Ra3 Ke5 35.Re3+ Kd5
36.Rd3+ Ke5 37.Rc3 Rf4+ 38.Ke3 Re4+ 39.Kf3 Rf4+ 40.Ke2 Kd5 41.Rd3+ Ke5 42.f3 Rb4
43.b3 Rb8 44.Kf2 Ra8 45.Rd2 Rh8 46.Kg1 c5 47.Kh2 Rb8 48.Kh3 Rb4 49.Rd1 Rd4
50.Ra1 Kd6 51.a4 Rd3 52.Rb1 Rd2 53.Re1 Rb2 54.Re3 e5 55.a5 Ra2 56.a6 Rxa6
57.Kxh4 Ra3 58.Rd3+ Ke6 59.Rc3 Kd5 60.Rd3+ Ke6 61.Rc3 Kd5 62.Kg5 Kd4 63.Rc4+ Kd5
64.Kf5 Rxb3 65.Re4 c4 66.Rxe5+ Kd4 67.Rxe7 c3 68.Rc7 Rb5+ 69.Kf4 Rc5 70.Rd7+ Rd5
71.Rc7 Kd3 72.g4 Rd4+ 73.Kf5 Rc4 74.Rh7 Ke3 75.g5 Rc5+ 76.Kf6 c2 77.Rh1 Kf4
78.g6 Rc6+ 79.Kf7  1/2-1/2

[Event "HUN-ch"]
[Site "?"]
[Date "1975.??.??"]
[Round "?"]
[White "Csom, Istvan"]
[Black "Ribli, Zoltan"]
[Result "1/2-1/2"]
[WhiteElo "2530"]
[BlackElo "2520"]

1.c4 Nf6 2.d4 g6 3.Nf3 Bg7 4.g3 O-O 5.Bg2 d6 6.O-O Nc6 7.Nc3 a6 8.d5 Na5
9.Nd2 c5 10.Qc2 Rb8 11.b3 b5 12.Bb2 bxc4 13.bxc4 Bh6 14.f4 e5 15.Rae1 exf4
16.gxf4 Nh5 17.e3 Bg7 18.Nd1 Bf5 19.Be4  1/2-1/2

[Event "HUN-ch"]
[Site "?"]
[Date "1975.??.??"]
[Round "?"]
[White "Ribli, Zoltan"]
[Black "Petran, Pal"]
[Result "1/2-1/2"]
[WhiteElo "2520"]
[BlackElo "2390"]

1.c4 Nf6 2.Nf3 e6 3.g3 b6 4.Bg2 Bb7 5.O-O Be7 6.b3 O-O 7.Bb2 c5 8.e3 d5 9.Qe2 Nc6
10.Rd1 Rc8 11.d3 Qc7 12.Nc3 Rfd8 13.Rac1 Qb8 14.cxd5 exd5 15.Bh3 Ba6 16.Bxc8 Qxc8
17.a3 Qh3 18.b4 Bc8 19.Nd2 d4 20.Nce4 Ng4 21.Nf1 f5 22.exd4 fxe4 23.dxe4 Nxd4
24.Bxd4 cxd4 25.Rc7 Bd7 26.e5 Nxe5 27.Qxe5 Bf6 28.Qf4 Bb5 29.Re1 h6 30.Nd2 d3
31.Ne4 Bd4 32.Nd6 d2 33.Rd1 Rxd6 34.Qxd6 Bxf2+ 35.Kxf2 Qxh2+ 36.Kf3 Qe2+
37.Kf4 Qf2+ 38.Ke4 Qe2+ 39.Kd5 Qf3+  1/2-1/2

[Event "HUN-ch"]
[Site "?"]
[Date "1975.??.??"]
[Round "?"]
[White "Ribli, Zoltan"]
[Black "Geszosz, P."]
[Result "1-0"]
[WhiteElo "2520"]
[BlackElo "2365"]

1.Nf3 Nf6 2.g3 d5 3.Bg2 c6 4.b3 Bg4 5.Bb2 Nbd7 6.O-O e6 7.d3 Be7 8.Nbd2 O-O
9.c4 a5 10.a3 b5 11.cxb5 cxb5 12.Rc1 Qb6 13.Qc2 h6 14.h3 Bxf3 15.Nxf3 Qa6
16.Qc6 Qxc6 17.Rxc6 Nc5 18.Nd2 Rfc8 19.Rxc8+ Rxc8 20.Rc1 Rc7 21.Be5 Rb7 22.Bc3 b4
23.axb4 axb4 24.Bd4 Nfd7 25.Ra1 Bf6 26.Bxf6 Nxf6 27.Ra5 Ncd7 28.e4 Rc7 29.exd5 Rc1+
30.Kh2 exd5 31.Bxd5 Rd1 32.Ne4 Rxd3 33.Ra8+ Kh7 34.Nxf6+ Nxf6 35.Bxf7 Rd2
36.Kg2 Ne4 37.Bg8+ Kg6 38.Rf8 Nc5 39.h4 Rd3 40.h5+ Kg5 41.Kh3 Nxb3 42.f4+ Kxh5
43.Bf7+  1-0

[Event "HUN-ch"]
[Site "?"]
[Date "1975.??.??"]
[Round "?"]
[White "Ribli, Zoltan"]
[Black "Bilek, Istvan"]
[Result "1/2-1/2"]
[WhiteElo "2520"]
[BlackElo "2495"]

1.Nf3 Nf6 2.g3 g6 3.b3 Bg7 4.Bb2 O-O 5.Bg2 d6 6.d4 Nbd7 7.O-O c6 8.Re1 d5
9.Nbd2 a5 10.a4 Re8 11.e4 Nxe4 12.Nxe4 dxe4 13.Rxe4 Nf6 14.Re1 Bg4 15.h3 Bxf3
16.Qxf3 Nd5 17.Rad1 e6 18.h4 h5 19.c4 Ne7 20.d5 cxd5 21.Bxg7 Kxg7 22.Qc3+ Kg8
23.cxd5 Rc8 24.Qe5 Nxd5 25.Bxd5 exd5 26.Qxe8+ Qxe8 27.Rxe8+ Rxe8 28.Rxd5 b6
29.Rd6 Re6 30.Rxe6 fxe6 31.Kg2 e5 32.Kf3 Kf7 33.Ke3 Ke7 34.f3 Ke6 35.Kd3 Kf5
36.b4 axb4 37.Kc4 Ke6 38.Kxb4 Kd6  1/2-1/2

[Event "HUN-ch"]
[Site "?"]
[Date "1975.??.??"]
[Round "?"]
[White "Portisch, Lajos"]
[Black "Ribli, Zoltan"]
[Result "1/2-1/2"]
[WhiteElo "2635"]
[BlackElo "2520"]

1.d4 Nf6 2.c4 g6 3.Nc3 d5 4.Nf3 Bg7 5.Qb3 dxc4 6.Qxc4 O-O 7.e4 a6 8.Qb3 b5
9.e5 Nfd7 10.Be3 Nb6 11.a4 Be6 12.Qd1 bxa4 13.Nxa4 Nxa4 14.Qxa4 Nd7 15.Be2 Nb6
16.Qc2 a5 17.O-O Qd7 18.Qc5 Na4 19.Qc2 Nb6 20.Bd2 a4 21.Qc5 Rfc8 22.Rfc1 Bd5
23.Ne1 e6 24.Qc3 c5 25.dxc5 Qb7 26.Bf3 Nd7 27.c6 Qb5 28.Bf4 Nb6 29.Qc5 Qa6
30.Bxd5 Nxd5 31.Bg3 Bf8 32.Qc4  1/2-1/2

[Event "HUN-ch"]
[Site "Budapest"]
[Date "1976.??.??"]
[Round "1"]
[White "Ribli, Zoltan"]
[Black "Horvath, Tamas"]
[Result "1-0"]
[WhiteElo "2575"]
[BlackElo "2400"]

1.Nf3 f5 2.d4 Nf6 3.g3 g6 4.Bg2 Bg7 5.O-O O-O 6.c4 d6 7.Nc3 Nc6 8.d5 Na5
9.Nd2 c5 10.Rb1 Bd7 11.Qc2 a6 12.b3 b5 13.Bb2 Rb8 14.e3 Qc7 15.Ne2 Nb7 16.Nf4 Nd8
17.h4 Qc8 18.Nf3 Nf7 19.Rfc1 Ne4 20.Bxg7 Kxg7 21.cxb5 axb5 22.b4 e5 23.dxe6 Bxe6
24.bxc5 dxc5 25.Nd2 Nxd2 26.Qxd2 Bc4 27.a4 Kg8 28.axb5 Rxb5 29.Rxb5 Bxb5
30.Qb2  1-0

[Event "HUN-ch"]
[Site "Budapest"]
[Date "1976.??.??"]
[Round "2"]
[White "Ribli, Zoltan"]
[Black "Hazai, Laszlo"]
[Result "1/2-1/2"]
[WhiteElo "2575"]
[BlackElo "2430"]

1.Nf3 g6 2.e4 d6 3.d4 Nf6 4.Nc3 Bg7 5.Be2 O-O 6.O-O c6 7.a4 a5 8.Be3 Nbd7
9.Qd2 e5 10.dxe5 dxe5 11.Rad1 Qe7 12.Qd6 Qxd6 13.Rxd6 Re8 14.Bc4 Bf8 15.Rd2 h6
16.Rfd1 Nc5 17.h3 Kg7 18.Re2 Nfd7 19.Red2 Nf6 20.Re2 Nfd7 21.Red2 Nf6 22.Ba2 Nfd7
23.Bxc5 Nxc5 24.Rd8 Rxd8 25.Rxd8 Nd7 26.g4 b6 27.h4 Be7 28.Re8 Bd6 29.g5 h5  1/2-1/2

[Event "HUN-ch"]
[Site "Budapest"]
[Date "1976.??.??"]
[Round "3"]
[White "Csom, Istvan"]
[Black "Ribli, Zoltan"]
[Result "1/2-1/2"]
[WhiteElo "2490"]
[BlackElo "2575"]

1.c4 Nf6 2.g3 c5 3.Bg2 g6 4.Nc3 Bg7 5.e3 O-O 6.Nge2 e6 7.O-O Nc6 8.d4 cxd4
9.Nxd4 d5 10.cxd5 Nxd5 11.Nxd5 Nxd4 12.exd4 exd5 13.Be3 Be6 14.Qb3 Qd7 15.Rfc1 Rac8  1/2-1/2

[Event "HUN-ch"]
[Site "Budapest"]
[Date "1976.??.??"]
[Round "4"]
[White "Ribli, Zoltan"]
[Black "Sapi, Laszlo"]
[Result "1-0"]
[WhiteElo "2575"]
[BlackElo "2395"]

1.c4 c5 2.b3 b6 3.Bb2 Bb7 4.Nf3 Nf6 5.g3 g6 6.Bg2 Bg7 7.Nc3 O-O 8.O-O d5
9.Nxd5 Nxd5 10.Bxg7 Kxg7 11.cxd5 Qxd5 12.d4 cxd4 13.Qxd4+ Qxd4 14.Nxd4 Bxg2
15.Kxg2 Nd7 16.Rac1 Rfc8 17.Rfd1 Kf6 18.Nb5 Rxc1 19.Rxc1 Nc5 20.b4 Ne6 21.a3 g5
22.Rc6 Ke5 23.g4 a6 24.Nc3 Rb8 25.e3 Nd8 26.Rh6 Ne6 27.Rxh7 Rc8 28.Ne2 Kf6
29.h4 Rc2 30.Ng3 Rc4 31.Rh6+ Kg7 32.Nf5+ Kg8 33.Nd4 Nxd4 34.exd4 Rxd4 35.Rxb6 Rxg4+
36.Kf3 Rf4+ 37.Kg3 Rc4 38.Rxa6 gxh4+ 39.Kh3 Kg7 40.b5  1-0

[Event "HUN-ch"]
[Site "Budapest"]
[Date "1976.??.??"]
[Round "6"]
[White "Ribli, Zoltan"]
[Black "Rigo, Janos"]
[Result "1-0"]
[WhiteElo "2575"]
[BlackElo "2200"]

1.c4 Nf6 2.g3 g6 3.Bg2 Bg7 4.Nf3 O-O 5.O-O d6 6.Nc3 Nc6 7.d3 Rb8 8.Rb1 a6
9.b4 b5 10.cxb5 axb5 11.a4 Ba6 12.axb5 Bxb5 13.Qc2 Qd7 14.Bd2 Rfc8 15.Nxb5 Rxb5
16.Rfc1 Nd8 17.Nd4 Rh5 18.Nc6 Nxc6 19.Qxc6 Qe6 20.Bf3 Re5 21.d4 Rf5 22.b5 Rxf3
23.Qxf3 Ne4 24.Qd3 d5 25.Bf4 Qb6 26.Rc6 Qb7 27.Rbc1 e5 28.Bxe5 Bxe5 29.dxe5 Rb8
30.Qxd5 Ng5 31.R6c5 Qb6 32.Qc6 Qa5 33.Qxc7 Qxc7 34.Rxc7 Rxb5 35.R7c5 Rb2
36.R1c2 Rb1+ 37.Kg2 Ne6 38.Rd5 g5 39.h3 h5 40.e3 Kg7 41.Ra2 Kg6 42.g4 hxg4
43.hxg4 Rb4 44.Kf3 Kg7 45.Ra7 Nf8 46.e6 Nxe6 47.Rf5  1-0

[Event "HUN-ch"]
[Site "Budapest"]
[Date "1976.??.??"]
[Round "8"]
[White "Ribli, Zoltan"]
[Black "Forintos, Gyozo V"]
[Result "1-0"]
[WhiteElo "2575"]
[BlackElo "2490"]

1.c4 c5 2.Nf3 Nf6 3.Nc3 Nc6 4.e3 e6 5.d4 d5 6.cxd5 exd5 7.Be2 cxd4 8.Nxd4 Bd6
9.O-O O-O 10.Bf3 Be5 11.Qd3 Nb4 12.Qb5 Qd6 13.g3 Bxd4 14.exd4 Bd7 15.Qe2 Rfe8
16.Bf4 Qb6 17.Be5 Nc6 18.Nxd5 Nxd5 19.Bxd5 Nxe5 20.dxe5 Be6 21.Bg2 Rad8 22.b3 Rd4
23.Rad1 Bg4 24.Bf3 h5 25.Bxg4 hxg4 26.Rfe1 a5 27.Rxd4 Qxd4 28.Qb5 Rc8 29.Qxb7 Rc2
30.Qa8+ Kh7 31.Qe4+ Qxe4 32.Rxe4 Rxa2 33.e6 fxe6 34.Rxe6 Rb2 35.Re4 Rxb3
36.Rxg4 Rb4 37.Rg5 a4 38.Ra5 Kg6 39.Kg2 Kf6 40.h4 g6 41.f4 Ke7 42.Ra6 Kf7
43.Kh3 Rc4 44.Kg4 Rd4 45.h5 gxh5+ 46.Kxh5 Rd3 47.g4 a3 48.f5 Ke7 49.g5  1-0

[Event "HUN-ch"]
[Site "Budapest"]
[Date "1976.??.??"]
[Round "9"]
[White "Tompa, Janos"]
[Black "Ribli, Zoltan"]
[Result "0-1"]
[WhiteElo "2415"]
[BlackElo "2575"]

1.e4 c5 2.d4 cxd4 3.c3 dxc3 4.Nxc3 Nc6 5.Nf3 g6 6.Bc4 Bg7 7.O-O Nf6 8.e5 Ng4
9.Bxf7+ Kxf7 10.Ng5+ Kg8 11.Qxg4 Nxe5 12.Qe4 e6 13.Bf4 d5 14.Rad1 h6 15.Nf3 Qf8
16.Qe3 Nxf3+ 17.gxf3 Bd7 18.Ne2 Re8 19.Bg3 Kh7 20.Rfe1 e5 21.Rxd5 Bc6 22.Rc5 Bxf3
23.Rc7 Qf5 24.h3 Rhf8 25.Kh2 Bc6 26.Nc3 e4 27.Qd4 Rf7 28.Rxf7 Qxf7 29.Qd2 h5
30.Qf4 Qe6 31.a4 Bh6 32.Qc7+ Re7 33.Qd6 Qf7 34.Qd4 e3 35.fxe3 Rd7 36.Qb4 Qf3  0-1

[Event "HUN-ch"]
[Site "Budapest"]
[Date "1976.??.??"]
[Round "10"]
[White "Ribli, Zoltan"]
[Black "Eperjesi, Laszlo"]
[Result "1/2-1/2"]
[WhiteElo "2575"]
[BlackElo "2395"]

1.d4 Nf6 2.c4 e6 3.Nc3 Bb4 4.Bg5 h6 5.Bh4 c5 6.d5 Bxc3+ 7.bxc3 d6 8.e3 e5
9.f3 g5 10.Bg3 Qa5 11.Qb3 Nbd7 12.Bd3 Nb6 13.a4 Bd7 14.Ne2 Nh5 15.Kd2 f5
16.Rhb1 Nxg3 17.Nxg3 f4 18.Nf5 Bxf5 19.Bxf5 fxe3+ 20.Kxe3 O-O 21.Be6+ Kh8
22.Kd3 Rf4 23.Qb5 Nxc4 24.Qxb7 Raf8 25.Ra2 Qd8 26.Re2 Qf6 27.Rbe1 Na5 28.Qa6 Qd8
29.Re4 Rxe4 30.Kxe4 Qb6 31.Qxb6 axb6 32.Rb1 Rf4+ 33.Kd3 c4+ 34.Ke3 Nb3 35.Bd7 Kg7
36.Bb5 e4 37.Bxc4 Nc5 38.Bb5 exf3 39.gxf3 Kf6 40.Rb4 Ke5 41.Bc6 h5 42.Rxb6 Nxa4
43.Rb8 Nc5 44.Re8+ Kf6 45.Rh8 Rh4 46.Rh6+ Ke7 47.Rg6 g4 48.fxg4 hxg4 49.Bb5 Rxh2
50.Rxg4 Kf6 51.Kd4 Rd2+ 52.Kc4 Re2 53.Kb4 Re4+ 54.Rxe4 Nxe4 55.Bd3 Nc5 56.c4 Na6+  1/2-1/2

[Event "HUN-ch"]
[Site "Budapest"]
[Date "1976.??.??"]
[Round "12"]
[White "Ribli, Zoltan"]
[Black "Portisch, Ferenc"]
[Result "0-1"]
[WhiteElo "2575"]
[BlackElo "2425"]

1.Nf3 Nf6 2.c4 g6 3.g3 Bg7 4.Bg2 O-O 5.O-O d6 6.Nc3 c6 7.d3 e5 8.Qc2 Bf5
9.Rb1 Re8 10.e4 Bg4 11.Be3 d5 12.cxd5 cxd5 13.exd5 Nxd5 14.Nxd5 Qxd5 15.Ng5 Qd7
16.Qc4 h6 17.Ne4 Be6 18.Qc1 Na6 19.Bxh6 Bxa2 20.Ra1 Bd5 21.Qg5 Qd8 22.Rfc1 Re6
23.Qe3 Rb6 24.h4 Qd7 25.Ra5 Bxe4 26.Bxe4 Re8 27.h5 Bxh6 28.Qxh6 Qh3 29.Bf3 gxh5
30.Qg5+ Rg6 31.Qxh5 Qxh5 32.Bxh5 Rb6 33.Re1 Nb4 34.d4 Nc6 35.Ra4 Rxb2 36.d5 Nb4
37.Rd1 Rd8 38.Bf3 f5 39.Bg2 e4 40.Bf1 a6 41.d6 b5 42.Ra3 Kf7 43.f3 Nc2 44.Rxa6 Ne3
45.Re1 Nxf1 46.Rxf1 e3 47.Re1 Rb3 48.Ra7+ Kf6 49.d7 f4 50.Rd1 Rb2 51.Rd4 fxg3
52.Rf4+ Kg5 53.Re4 e2 54.Ra1 Rxd7 55.Re1 Rd1 56.Rxe2 Rxe1+ 57.Rxe1 Kf4  0-1

[Event "HUN-ch"]
[Site "Budapest"]
[Date "1976.??.??"]
[Round "13"]
[White "Sax, Gyula"]
[Black "Ribli, Zoltan"]
[Result "1/2-1/2"]
[WhiteElo "2530"]
[BlackElo "2575"]

1.e4 c5 2.Nf3 d6 3.d4 cxd4 4.Qxd4 a6 5.Bg5 Nc6 6.Qd2 h6 7.Bh4 Nf6 8.Nc3 g5
9.Bg3 Nh5 10.Nd5 Bg7 11.c3 Bd7 12.Ne3 b5 13.Be2 Qb6 14.Ne5 Nxe5 15.Bxh5 Nc4
16.Nxc4 bxc4 17.O-O O-O 18.e5 Be6 19.exd6 exd6 20.Rae1 Rfd8 21.Kh1 Rab8 22.Re2 Qc5
23.Bf3 Rb5 24.Be4 d5 25.f4 Qc8 26.Bb1 d4 27.cxd4 Bxd4 28.fxg5 hxg5 29.Qc2  1/2-1/2

[Event "HUN-ch"]
[Site "Budapest"]
[Date "1976.??.??"]
[Round "14"]
[White "Ribli, Zoltan"]
[Black "Farago, Ivan"]
[Result "1/2-1/2"]
[WhiteElo "2575"]
[BlackElo "2420"]

1.Nf3 d5 2.d4 e6 3.c4 Nf6 4.Bg5 h6 5.Bxf6 Qxf6 6.Nc3 c6 7.e3 Nd7 8.Bd3 Bb4
9.O-O O-O 10.Qb3 Bxc3 11.Qxc3 dxc4 12.Bxc4 c5 13.Rac1 cxd4 14.Nxd4 Nb6 15.Be2 Bd7
16.Bf3 e5 17.Nb3 Rfc8 18.Qa5 Bc6 19.Bxc6 Rxc6 20.Rxc6 bxc6 21.Rc1 Qd6 22.h3 f6
23.Qa6 Qd7 24.Qe2 Rc8 25.Nc5 Qd5 26.b4 Rd8 27.Nb3 Qe4 28.Qg4 Qxg4 29.hxg4 Nd5
30.Rd1 Rc8 31.a3 Kf8 32.Na5 Ke8 33.Kh2 Nb6 34.Kg3 Ke7 35.Rc1 Kd7 36.e4 Na4
37.Kh4 g6 38.g3 c5 39.f4 cxb4 40.Rxc8 Kxc8 41.axb4 Kd7 42.Nc4 g5+ 43.Kh3  1/2-1/2

[Event "HUN-ch"]
[Site "Budapest"]
[Date "1976.??.??"]
[Round "15"]
[White "Barczay, Laszlo"]
[Black "Ribli, Zoltan"]
[Result "1-0"]
[WhiteElo "2485"]
[BlackElo "2575"]

1.e4 c5 2.Nf3 d6 3.d4 cxd4 4.Nxd4 Nf6 5.Nc3 a6 6.Bg5 e6 7.f4 h6 8.Bh4 Be7
9.Qf3 Nbd7 10.O-O-O Qc7 11.Be2 Rb8 12.Qg3 Rg8 13.Rhf1 b5 14.e5 dxe5 15.Nxe6 fxe6
16.Qg6+ Kd8 17.Bxf6 Bxf6 18.Qf7 Rh8 19.Ne4 Be7 20.Qxg7 Rf8 21.Qxh6 Rb6 22.Ng5 Rf6
23.Qh8+ Rf8 24.Nf7+ Ke8 25.Qg7 Bf6 26.Qg6 e4 27.Nd6+ Kd8 28.Nxe4 Be7 29.Ng5 Qc6
30.Bg4 Rf6 31.Qg7 Qc5 32.Rfe1 Rc6 33.Rd2 Qc4 34.Nxe6+ Rcxe6 35.Bxe6 Rxe6
36.Qg8+ Bf8 37.Qxe6 Qxf4 38.Qb6+  1-0

[Event "HUN-ch"]
[Site "Budapest"]
[Date "1977.??.??"]
[Round "?"]
[White "Ribli, Zoltan"]
[Black "Eperjesi, Laszlo"]
[Result "1-0"]
[WhiteElo "2595"]
[BlackElo "2400"]

1.Nf3 Nf6 2.c4 e6 3.d4 b6 4.Nc3 Bb7 5.g3 Ne4 6.Bg2 Nxc3 7.bxc3 Be7 8.O-O O-O
9.Qc2 f5 10.d5 Na6 11.Rd1 Qc8 12.Nd4 Nc5 13.Ba3 g6 14.f4 Rb8 15.Bf3 Ba8 16.Kg2 Re8
17.Rab1 Ne4 18.Bxe7 Rxe7 19.a4 a5 20.Nb5 Nc5 21.Nxc7 Bb7 22.Nb5 Ba6 23.h4 Nb7
24.Rd4 Qc5 25.d6 Rf7 26.Nc7 Bxc4 27.Rxc4 Qxc4 28.Rxb6 Qc5 29.Qb3 Qe3 30.Rxb7 Rxb7
31.Qxb7 Kg7 32.Qc8 e5 33.Nd5 Qd2 34.fxe5 g5 35.Nf6 g4 36.Qg8+ Kh6 37.Qxf7 gxf3+
38.Kh3  1-0